LEADER 02376nam 22005293 450 001 9911028727203321 005 20250922120721.0 010 $a9781040437353$b(electronic bk.) 010 $z9781032785639 035 $a(MiAaPQ)EBC32305463 035 $a(Au-PeEL)EBL32305463 035 $a(CKB)40976364600041 035 $a(OCoLC)1541784460 035 $a(EXLCZ)9940976364600041 100 $a20250922d2025 uy 0 101 0 $aeng 135 $aurcnu|||||||| 181 $ctxt$2rdacontent 182 $cc$2rdamedia 183 $acr$2rdacarrier 200 10$aContested Consultations in the Extractive Industries $eRights, Processes, and Tensions 205 $a1st ed. 210 1$aOxford :$cTaylor & Francis Group,$d2025. 210 4$dİ2025. 215 $a1 online resource (291 pages) 225 1 $aRoutledge Studies of the Extractive Industries and Sustainable Development Series 311 08$aPrint version: Haslam, Paul A. Contested Consultations in the Extractive Industries Oxford : Taylor & Francis Group,c2025 9781032785639 330 $aThis volume explores how communities, companies, and governments contest and shape the evolution of norms, rules, and decision-making processes that govern stakeholder consultation in extractive industries. It will interest students and scholars researching public participation and stakeholder consultation in the extractive industries. 410 0$aRoutledge Studies of the Extractive Industries and Sustainable Development Series 606 $aBUSINESS & ECONOMICS / Development / Sustainable Development$2bisacsh 606 $aBUSINESS & ECONOMICS / Environmental Economics$2bisacsh 606 $aNATURE / Environmental Conservation & Protection$2bisacsh 615 7$aBUSINESS & ECONOMICS / Development / Sustainable Development 615 7$aBUSINESS & ECONOMICS / Environmental Economics 615 7$aNATURE / Environmental Conservation & Protection 676 $a338.2 700 $aHaslam$b Paul Alexander$01889765 701 $aAndrews$b Nathan$0967437 701 $aBuhmann$b Karin$01431087 701 $aOdumosu-Ayanu$b Ibironke T$01850522 701 $aStoddart$b Mark$01850523 801 0$bMiAaPQ 801 1$bMiAaPQ 801 2$bMiAaPQ 912 $a9911028727203321 996 $aContested Consultations in the Extractive Industries$94531079 997 $aUNINA